000 01916nam a2200265Ia 4500
003 OSt
005 20211110160925.0
008 210310s2007 ck gr 000 0 spa d
020 _a9789587071108
040 _aCO-JMCR
_cCO-JMCR
041 0 _aspa
082 0 4 _a336.86 /
_bR177f
_223
100 1 _aRamírez Plazas, Jaime,
_eautor
_929026
245 1 4 _aLas finanzas Publicas en Colombia /
_cJaime Ramírez Plazas
250 _aQuinta edición
260 _aBogotá :
_bLibrería ediciones del profesional,
_c2007.
300 _b260 páginas ;
_c24 cm.
501 _aCon: notas a pie de página.
504 _aBibliografía : páginas 253-260.
505 0 _aPropósitos de las finanzas públicas. -- Gasto público. -- Evolución fiscal en Colombia. -- Ingresos fiscales. -- Presupuesto como instrumento de la gerencia pública. -- Control presupuestal. -- Deuda pública. -- Finanzas territoriales
520 0 _aEl libro en su quinta edición comprende ocho capítulos. El primero de ellos define el alcance y propósitos de la Hacienda Pública en las diferentes escuelas del pensamiento económico, lo cual le permitirá al lector conocer el marco conceptual de las finanzas públicas y, con base en ello, explicar la realidad. El capítulo segundo define el concepto e importancia del gasto público; desde el punto de vista de los ingresos del Estado y a partir de allí el manejo de los tributos y de las rentas no tributarias, así como los gastos para conocer los propósitos del Estado en el manejo macroeconómico. El capítulo tercero hace referencia a la evolución histórica de las finanzas públicas en Colombia. desde la Colonia con la descripción de los ingresos tributarios directos e indirectos y las rentas estancadas, hasta el período republicano, que abarca los siglos XIX y XX.
650 1 4 _aHacienda pública.
_929028
650 2 4 _aFinanzas públicas
_941486
942 _2ddc
_cBK
999 _c12717
_d12717